00674nam a2200145 a 4500008004100000050001500041110005500056245008700111260003800198300000900236350000900245500018400254650004000438650005000478100407s1993 ||||||||||||||||| || u aUN-ECA(02) aUnited Nations Economic and Social Affairs (UNESA)10aStrategic agenda for development management in Africa in the 1990scUnited Nations aAddis AbababUNITED NATIONSc1993 a32p. a0.00 aRegional Conference development management in Africa: Thirty years of experience, emerging challenges and Future priorities, Africa Hall, Addis Ababa, Ethopia 8 - 12th March 1993. aAFRICA--ECONOMIC POLICY--CONGRESSES aAFRICAN ECONOMIC CONDITIONS--1960--CONGRESSES